| 000 | 00847nam a22002055i 4500 | ||
|---|---|---|---|
| 001 | 158697 | ||
| 003 | ES-MaACL | ||
| 005 | 20230906211256.0 | ||
| 008 | 040902s1867 fr a |||| | fre d | ||
| 040 |
_aCAM _bspa _cCAM |
||
| 100 | 1 |
_aMarcou, Jules. _976547 |
|
| 245 | 1 | 3 |
_a[Le Dyas au Nébraska / _cpar Jules Marcou]. |
| 260 |
_aParis : _b[s.n., _cs.a.] ( _fImprimerie de E. Martinet) |
||
| 300 |
_aP. 280-299; [1] h. de lám. ; _c23 cm. |
||
| 500 | _aExtrait du Bulletin de la Société Géologique de France, 2e série, t.XXIV, p. 280, séance du 4 février 1867. | ||
| 594 | _aTit. tomado de comienzo del texto. | ||
| 596 | _aPie de imp. tomado de colofón. | ||
| 650 | 4 |
_aGeología- _zEstados Unidos. _9157305 |
|
| 852 |
_aES-MaACL _jT-901-F-12 _z-- Enc. hol. _z-- Legado de Federico de Botella y de Hornos _z-- Enc. en un vol. facticio |
||
| 999 |
_c158697 _d158697 |
||